Topics in algebra (Record no. 5378)

MARC details
000 -LEADER
fixed length control field 00442nam a2200169Ia 4500
003 - CONTROL NUMBER IDENTIFIER
control field SGT
020 ## - INTERNATIONAL STANDARD BOOK NUMBER
International Standard Book Number 0852263384
082 ## - DEWEY DECIMAL CLASSIFICATION NUMBER
Classification number 512.8
Item number HER
100 ## - MAIN ENTRY--PERSONAL NAME
Personal name Herstein,I.N
245 ## - TITLE STATEMENT
Title Topics in algebra
250 ## - EDITION STATEMENT
Edition statement 2nd Ed.
260 ## - PUBLICATION, DISTRIBUTION, ETC. (IMPRINT)
Name of publisher, distributor, etc Wilet eastern limited
Place of publication, distribution, etc New Delhi
Year of Publication 1975
300 ## - PAGE DESCRIPTION
No. of Pages 388p.
650 ## - SUBJECT ADDED ENTRY--TOPICAL TERM
Topical term or geographic name as entry element MATHEMATICS ENGINEERING
653 ## - KEYWORDS--INDEX TERM
Keyword term PRELIMINARY NOTIONS, GROUP THEORY, RING THEORY,VECTOR SPACES AND MODULES
942 ## - ADDED ENTRY ELEMENTS (KOHA)
Source of classification or shelving scheme Dewey Decimal Classification
Koha item type Books
Holdings
Withdrawn status Lost status Source of classification or shelving scheme Damaged status Use restrictions Not for loan Collection code Home library Current library Shelving location Date acquired SGTU Full call number Accession No. (Barcode) Date last seen Bill Date Koha item type
    Dewey Decimal Classification   Restricted Access Not For Loan ENGINEERING SGT Engineering Library SGT Engineering Library Reference Book 16/10/2011 SGTU 512.8 HER FE4272 09/02/2015 09/02/2015 Gifted Books